Discurso pronunciado por el señor Don Rodrigo Gómez, Director General del Banco de México S.A., en la Ceremonia Conmemorativa del XL Aniversario de la Fundación de esa Institución el jueves 9 de septiembre de 1965 (Record no. 7805)
[ view plain ]
| 000 -CABECERA | |
|---|---|
| campo de control de longitud fija | 01025nam a2200229 a 4500 |
| 001 - NÚMERO DE CONTROL | |
| campo de control | BRCA_8137 |
| 005 - FECHA Y HORA DE LA ÚLTIMA TRANSACCIÓN | |
| campo de control | 20190320210140.0 |
| 008 - DATOS DE LONGITUD FIJA--INFORMACIÓN GENERAL | |
| campo de control de longitud fija | 110414s1965----mx-####f##---#000-0#spa-# |
| 041 ## - CÓDIGO DE LENGUA | |
| Código de lengua del texto/banda sonora o título independiente | spa |
| 044 ## - CÓDIGO DEL PAÍS DE LA ENTIDAD EDITORA/PRODUCTORA | |
| Código MARC del país | mx |
| 050 #4 - SIGNATURA TOPOGRÁFICA DE LA BIBLIOTECA DEL CONGRESO | |
| Número de clasificación | HD9574 |
| Número de documento/Ítem | .D611 |
| -- | 1965 |
| 245 10 - MENCIÓN DE TÍTULO | |
| Título | Discurso pronunciado por el señor Don Rodrigo Gómez, Director General del Banco de México S.A., en la Ceremonia Conmemorativa del XL Aniversario de la Fundación de esa Institución el jueves 9 de septiembre de 1965 |
| Mención de responsabilidad, etc. | Banco de México. |
| 260 ## - PUBLICACIÓN, DISTRIBUCIÓN, ETC. | |
| Lugar de publicación, distribución, etc. | México |
| Nombre del editor, distribuidor, etc. | Dirección General de Prensa, Memorias, Bibliotecas y Publicaciones |
| Fecha de publicación, distribución, etc. | 1965 |
| 300 ## - DESCRIPCIÓN FÍSICA | |
| Extensión | 11 p. |
| Dimensiones | 23 cm. |
| 500 ## - NOTA GENERAL | |
| Nota general | Y219 |
| 600 14 - PUNTO DE ACCESO ADICIONAL DE MATERIA--NOMBRE DE PERSONA | |
| Nombre de persona | Gómez, Rodrigo |
| Títulos y otros términos asociados al nombre | Director General del Banco de México |
| Fechas asociadas al nombre | 1965 |
| 9 (RLIN) | 20269 |
| 650 14 - PUNTO DE ACCESO ADICIONAL DE MATERIA--TÉRMINO DE MATERIA | |
| Término de materia o nombre geográfico como elemento de entrada | Discursos |
| Subdivisión de forma | Memorias y balances |
| Subdivisión geográfica | México |
| 9 (RLIN) | 20270 |
| 650 14 - PUNTO DE ACCESO ADICIONAL DE MATERIA--TÉRMINO DE MATERIA | |
| Término de materia o nombre geográfico como elemento de entrada | Aniversarios |
| Subdivisión de forma | Ceremonias |
| Subdivisión geográfica | México |
| 9 (RLIN) | 20271 |
| 711 2# - PUNTO DE ACCESO ADICIONAL--NOMBRE DE REUNIÓN/CONGRESO | |
| Nombre de congreso/reunión o jurisdicción como elemento de entrada | Ceremonia Conmemorativa del XL Aniversario de la Fundación del Banco de México |
| Fecha del congreso/reunión | Septiembre 9, 1965 |
| Sede del congreso/Lugar de la reunión | México (Ciudad) |
| 9 (RLIN) | 20272 |
| 902 ## - CATALOGADOR | |
| Iniciales | GFM |
| 942 ## - ELEMENTOS DE PUNTO DE ACCESO ADICIONAL (KOHA) | |
| Fuente del sistema de clasificación o colocación | Library of Congress Classification |
| Tipo de ítem Koha | Libros |
| Estado de retiro | Estado de pérdida | Estado dañado | No para préstamo | Localización permanente | Ubicación/localización actual | Fecha de adquisición | Número de inventario | Total de préstamos | Signatura topográfica completa | Código de barras | Fecha visto por última vez | Precio válido a partir de | Tipo de ítem Koha |
|---|---|---|---|---|---|---|---|---|---|---|---|---|---|
| El ejemplar forma parte de la colección y puede ser consultado según las políticas vigentes. | Biblioteca del Museo Franz Mayer (Rogerio Casas-Alatriste) | Biblioteca del Museo Franz Mayer (Rogerio Casas-Alatriste) | 11/04/2014 | Y219 | HD9574 .D611 1965 (Y219) | 8761 | 22/03/2019 | 22/03/2019 | Libros |